000 00984nam a2200277 a 4500
001
003 DO-SdBPM
005 20250203123001.0
008 110412s2016 mx c 000 0 spa d
020 _a9786074629231
040 _aDO-SdBPM
_bspa
_cBPMSU
082 _a330.972082
_bG633i 2016
_222
100 1 _aGómez Galvarriato, Aurora.
_d
245 1 0 _aIndustria y revolución :
_bcambio económico y social en el valle de Orizaba, México /
_cAurora Gómez Galvarriato.
260 _aMéxico :
_bFondo de Cultura Económica,
_c2016
300 _a 427 p. :
_bil., retr. ;
_c24 cm.
490 0 _aHistoria
500 _aIncluye datos biográficos del autor en la solapa de la cubierta
504 _aBibliografía : p.305-309
590 _aInventariado, 2025/VM
_6
650 4 _a Economía
_zMéxico
_xHistoria
651 _aMéxico .
_xCondiciones económicas
710 2 _aFondo de Cultura Económica,
910 _aVMateo V. Control de calidad. BPMSU
942 _2ddc
_cBK
999 _c14929
_d14929